| 000 | 005540000a22001930004500 | ||
|---|---|---|---|
| 020 | _a958-9089-18-6 | ||
| 041 | 0 | _aSPA | |
| 082 | 0 | 4 | _aG 375.006 B8589e |
| 100 | 1 | _aBriones, Guillermo (1921-) | |
| 245 | 1 | 0 | _aEvaluación educacional : Formación de docentes en investigación educativa / Gullermo Briones |
| 250 | _a3 | ||
| 260 | _aBogotá, Colombia : Convenio Andrés Bello | ||
| 300 | _a141 Pag | ||
| 001 | 10144 | ||
| 942 | _cBK | ||
| 999 |
_c39845 _d39845 |
||
| 336 |
_atexto _btxt _2rdacontent |
||
| 337 |
_2rdamedia _asin mediación _bn |
||
| 338 |
_2rdacarrier _avolumen _bnc |
||